000 00740nam a2200241Ia 4500
003 OSt
005 20220923214555.0
006 a|||||r|||| 00| 0
007 ta
008 220922b |||||||| |||| 00| 0 hin d
024 _a170,965
037 _cTextual
040 _aARTS
_cARTS
_bhin
041 _2hin
_ahin
082 _aO152,3N11:g, K7
100 _aविजयमोहन सिंह
245 0 _aअज्ञेय
_b कथाकार और विचारक
246 _aAjnyeya: kathākār aur vichāraka
260 _c1967
650 _aहिन्दी साहित्य
_9156264
942 _hO152,3N11:g, K7
_cTEXL
_2CC
999 _c325206
_d325206